Les clubs avec le plus de défaites en ligue des champions - Statistiques

Statistiques générales
  • Ce quiz a été pris 233 fois
  • Le résultat moyen est 9 sur 20
Statistiques - réponses
Défaites Clubs % Correct
66 FC Barcelone
88%
110 Real Madrid
88%
77 Bayern
79%
68 AC Milan
78%
66 Man United
78%
78 Juventus
72%
71 Ajax
59%
88 FC Porto
59%
93 Benfica
56%
75 Psv
44%
83 Celtic
40%
86 Anderlecht
31%
69 Rangers
28%
78 Galatasaray
26%
95 Dynamo Kiev
24%
84 Olympiacos
23%
60 Dinamo Zagreb
16%
62 Sparta Prague
14%
66 Panathinaikos
9%
63 Rosenborg
3%
Aucun quiz correspondant
Distribution des résultats
% des personnes avec chaque résultat
Percentile par nombre de réponses
Votre historique - résultats
Vous n’avez pas pris ce quiz